EDN
| Previous Title: | Electrical design news EEE |
|---|---|
| Format: | Electronic Journal |
| Language: | English |
| Published: |
Englewood, Colo. :
Rogers Pub. Co.
|
| Subjects: | |
| Online Access: | Full text available from Research Library: 01/06/1994 to 12/31/1994 Full text available from Research Library: 06/01/1996 to 05/27/2010 |
MARC
| LEADER | 00000nas a22000007a 4500 | ||
|---|---|---|---|
| 001 | ssj0007183 | ||
| 003 | WaSeSS | ||
| 005 | 20200512172242.0 | ||
| 006 | m d | ||
| 007 | cr n | ||
| 008 | 050614c19619999mauen p s 0 a0eng | ||
| 010 | |a 2011200819 |z 92644716 |z sc 79002560 |z sn 79007295 | ||
| 022 | |a 2163-4084 |y 0012-7515 | ||
| 030 | |a EDNSBH | ||
| 035 | |a (WaSeSS)ssj0007183 | ||
| 037 | |b Cahners Publishing Co., 44 Cook St., Denver, CO 80206 | ||
| 040 | |a OCLCS |b eng |c OCLCS |d OCLCQ |d CUD |d TXJ |d NJR |d AUD |d CO3 |d OCLCE |d OCL |d DLC |d OCL |d OCLCQ |d COO |d OCLCO |d OCLCF |d OCLCO |d OCLCQ |d WaSeSS | ||
| 042 | |a dlr |a nsdp | ||
| 050 | 4 | |a TK1 |b .E266 | |
| 082 | 1 | 0 | |a 621.305 |2 14 |
| 130 | 0 | |a EDN (Online) | |
| 210 | 0 | |a EDN |b (Online) | |
| 222 | 0 | |a EDN |b (Online) | |
| 245 | 1 | 0 | |a EDN |h [electronic resource]. |
| 246 | 3 | |a Electrical design news | |
| 246 | 1 | 3 | |a EDN, Electrical design news |f 1961-65 |
| 246 | 1 | 3 | |a EDN/EEE |f May 15, 1971-Apr. 15, 1972 |
| 246 | 1 | 3 | |a EDN with EEE |f May 1, 1972- |
| 260 | |a Englewood, Colo. : |b Rogers Pub. Co. | ||
| 310 | |a Biweekly, |b <2004-> | ||
| 321 | |a Semimonthly, with 2 extra issues a month, except Mar. and Oct. which have 3 extra issues, and July and Dec., which have 1 extra issue | ||
| 321 | |a Frequency varies | ||
| 362 | 1 | |a Print began with v. 6, no. 3 in 1961. | |
| 500 | |a Issued also in an international ed. <Jan. 10. 1985-> and European ed. <Dec. 10., 1992-> which differ only in advertising. | ||
| 500 | |a Issues for <Nov. 7, 1991-> called: Magazine ed. | ||
| 500 | |a Issues for <Nov. 7, 1991-> published: Newton, MA : Cahners Pub. Co. | ||
| 506 | |a License restrictions may limit access. | ||
| 525 | |a Supplements accompany some issues. | ||
| 525 | |a Has supplement called: Power technology. | ||
| 538 | |a Master and use copy. Digital master created according to Benchmark for Faithful Digital Reproductions of Monographs and Serials, Version 1. Digital Library Federation, December 2002. |u http://purl.oclc.org/DLF/benchrepro0212 |5 MiAaHDL | ||
| 583 | 1 | |a digitized |c 2010 |h HathiTrust Digital Library |l committed to preserve |5 MiAaHDL |2 pda | |
| 588 | |a Description based on: Issue 2 (Feb. 1, 1998); title from caption (EDN website, viewed Sept. 6, 2011). | ||
| 588 | |a Latest issue consulted: Issue 16 (Aug. 25, 2011). | ||
| 650 | 0 | |a Electrical engineering |v Periodicals. | |
| 650 | 0 | |a Electronics |v Periodicals. | |
| 650 | 6 | |a Électrotechnique |v Périodiques. | |
| 650 | 6 | |a Électronique |v Périodiques. | |
| 650 | 7 | |a Electrical engineering. |2 fast |0 (OCoLC)fst01728596 | |
| 650 | 7 | |a Electronics. |2 fast |0 (OCoLC)fst00907538 | |
| 655 | 0 | |a Electronic journals. | |
| 776 | 0 | 8 | |i Print version: |t EDN |x 0012-7515 |w (DLC) 92644716 |w (OCoLC)2623794 |
| 780 | 0 | 0 | |t Electrical design news |
| 780 | 0 | 5 | |t EEE |g May 15, 1971 |
| 856 | 4 | 0 | |z Full text available from Research Library: 01/06/1994 to 12/31/1994 |u https://search.proquest.com/publication/40873 |
| 856 | 4 | 0 | |z Full text available from Research Library: 06/01/1996 to 05/27/2010 |u https://search.proquest.com/publication/40873 |